[Event "ICC tourney 1897 (3 2)"]
[Site "Internet Chess Club"]
[Date "2020.07.03"]
[Round "9"]
[White "MrNormalName"]
[Black "rishibabu"]
[Result "1-0"]
[WhiteElo "1765"]
[BlackElo "1559"]
[PlyCount "75"]
[EventDate "2020.??.??"]

1. d4 d5 2. c4 e6 3. Nc3 c6 4. e3 Nf6 5. Nf3 Be7 6. Bd3 O-O 7. O-O Nbd7 8. e4
dxe4 9. Nxe4 Nxe4 10. Bxe4 Nf6 11. Bc2 h6 12. Ne5 Qc7 13. Bf4 Bd6 14. c5 Bxe5
15. Bxe5 Qe7 16. Qd3 g6 17. Bd6 Qd8 18. Bxf8 Qxf8 19. Qf3 Nd5 20. h4 Qg7 21. h5
Bd7 22. hxg6 fxg6 23. Qe4 Kh7 24. Rad1 Rf8 25. Rfe1 Rf4 26. Qe5 Qf7 27. Re2 Nb4
28. Bb3 Rf5 29. Qc7 Nd5 30. Bxd5 cxd5 31. Qxb7 Rg5 32. c6 Qf3 33. Qxd7+ Kh8 34.
Qd8+ Kh7 35. Qe7+ Kh8 36. Qxg5 Qxe2 37. Qe5+ Qxe5 38. dxe5 1-0

[Event "ICC tourney 1897 (3 2)"]
[Site "Internet Chess Club"]
[Date "2020.07.03"]
[Round "8"]
[White "tsohal"]
[Black "rishibabu"]
[Result "1-0"]
[WhiteElo "1840"]
[BlackElo "1567"]
[PlyCount "113"]
[EventDate "2020.??.??"]

1. d4 d5 2. c4 e6 3. Nc3 c6 4. Qb3 dxc4 5. Qxc4 Nf6 6. Nf3 Be7 7. Bg5 O-O 8. e3
Nbd7 9. Be2 Nd5 10. Bxe7 Qxe7 11. O-O N7f6 12. Rac1 Bd7 13. Ne5 h6 14. Rfd1
Rfc8 15. Qb3 Rab8 16. Na4 Be8 17. h3 Nd7 18. Nd3 Qg5 19. Bf3 N7f6 20. Nac5 Nd7
21. Ne4 Qe7 22. Ne5 Nxe5 23. dxe5 Kh8 24. Nd6 Rc7 25. Qa3 a6 26. Qc5 b6 27. Qa3
a5 28. g3 Rd8 29. Qb3 b5 30. a3 f6 31. Nxe8 Rxe8 32. e4 Nb6 33. Qc3 fxe5 34.
Qxe5 Nc4 35. Qc3 Rf8 36. Bg2 Qf7 37. f4 Rd7 38. Kh2 Rfd8 39. Rxd7 Qxd7 40. b3
Nxa3 41. Qxa5 b4 42. Qxb4 Nb5 43. e5 Qd2 44. Qxd2 Rxd2 45. Rxc6 Nd4 46. Rc8+
Kh7 47. g4 Nxb3 48. Kg3 Rd3+ 49. Kf2 Rd2+ 50. Kg3 Rd3+ 51. Kh4 Nd4 52. Be4+
Nf5+ 53. gxf5 Re3 54. fxe6+ Rxe4 55. e7 Rxf4+ 56. Kg3 Re4 57. e8=Q 1-0

[Event "ICC tourney 1897 (3 2)"]
[Site "Internet Chess Club"]
[Date "2020.07.03"]
[Round "7"]
[White "rishibabu"]
[Black "Kokoro"]
[Result "1-0"]
[WhiteElo "1569"]
[BlackElo "1795"]
[PlyCount "99"]
[EventDate "2020.??.??"]

1. e4 c5 2. Nf3 d6 3. d4 cxd4 4. Nxd4 Nf6 5. Nc3 a6 6. Be3 e6 7. Be2 b5 8. O-O
b4 9. Na4 Nxe4 10. Bf3 Bb7 11. Qd3 d5 12. Nb3 Nd7 13. Bd4 Qa5 14. Nxa5 Bc8 15.
Bxe4 dxe4 16. Qxe4 Rb8 17. Nc6 Rb5 18. f4 Bb7 19. f5 e5 20. c4 bxc3 21. Nxc3
Ra5 22. Qf3 f6 23. Bf2 Bc5 24. Bxc5 Rxc5 25. Rac1 Bxc6 26. Qd3 O-O 27. b4 e4
28. Qd2 Re5 29. Ne2 Bb5 30. Rfe1 Nb6 31. Nd4 Rd8 32. Qe3 Nd5 33. Qh3 Bd3 34. g3
Nxb4 35. Ne6 Re8 36. Qg4 g6 37. fxg6 R5xe6 38. gxh7+ Kxh7 39. Rc7+ R6e7 40.
Qh4+ Kg7 41. Qg4+ Kf7 42. Qh5+ Kg7 43. Qg4+ Kf8 44. Rxe7 Rxe7 45. Rc1 Nc2 46.
Qg6 Re6 47. Qh6+ Ke7 48. Qg7+ Kd6 49. Qf8+ Ke5 50. Qc5# 1-0

[Event "ICC tourney 1897 (3 2)"]
[Site "Internet Chess Club"]
[Date "2020.07.03"]
[Round "5"]
[White "rishibabu"]
[Black "PushU2Blunders"]
[Result "1-0"]
[WhiteElo "1562"]
[BlackElo "1789"]
[PlyCount "43"]
[EventDate "2020.??.??"]

1. e4 c5 2. Nf3 d6 3. d4 cxd4 4. Nxd4 Nf6 5. Nc3 a6 6. Be3 e6 7. Be2 Be7 8. O-O
O-O 9. Kh1 Nbd7 10. f4 Qc7 11. g4 b5 12. g5 Ne8 13. Bd3 Bb7 14. Rf3 b4 15. Nce2
Rc8 16. Rh3 Nc5 17. Ng3 e5 18. Qh5 h6 19. Ndf5 exf4 20. Nxh6+ gxh6 21. Qxh6
Bxe4+ 22. Nxe4 1-0

[Event "ICC tourney 1897 (3 2)"]
[Site "Internet Chess Club"]
[Date "2020.07.03"]
[Round "4"]
[White "ficorrales"]
[Black "rishibabu"]
[Result "1-0"]
[WhiteElo "1559"]
[BlackElo "1547"]
[PlyCount "91"]
[EventDate "2020.??.??"]

1. e4 c5 2. Nf3 d6 3. d4 cxd4 4. Nxd4 Nf6 5. Nc3 a6 6. Be3 e5 7. Nb3 Be6 8. Qd2
Nbd7 9. f3 h5 10. Be2 Be7 11. Nd5 Bxd5 12. exd5 Rc8 13. c4 O-O 14. Na5 Qc7 15.
b4 Rfe8 16. O-O Bf8 17. Rac1 g6 18. h3 Bg7 19. a3 h4 20. Bg5 e4 21. f4 e3 22.
Qd3 Ne4 23. Bxh4 Nd2 24. Rfd1 b6 25. Nc6 Nb8 26. Nxb8 Rxb8 27. Be1 Bh6 28. g3
Qe7 29. Bxd2 exd2 30. Rxd2 Qe3+ 31. Kg2 g5 32. fxg5 Bxg5 33. Rcc2 Re5 34. Qxe3
Rxe3 35. Rd3 Rbe8 36. Rxe3 Rxe3 37. a4 Rb3 38. c5 Rxb4 39. c6 Bd8 40. c7 Bxc7
41. Rxc7 Rxa4 42. Rc6 Ra2 43. Kf2 b5 44. Rxd6 b4 45. Rb6 b3 46. Rxb3 1-0

[Event "ICC tourney 1897 (3 2)"]
[Site "Internet Chess Club"]
[Date "2020.07.03"]
[Round "1"]
[White "rishibabu"]
[Black "premierchess"]
[Result "0-1"]
[WhiteElo "1522"]
[BlackElo "1626"]
[PlyCount "108"]
[EventDate "2020.??.??"]

1. e4 c6 2. d4 d5 3. Nc3 dxe4 4. Nxe4 Bf5 5. Ng3 Bg6 6. Bc4 e6 7. N1e2 Nf6 8.
O-O Bd6 9. f4 O-O 10. f5 exf5 11. Nxf5 Bxf5 12. Rxf5 Nbd7 13. Bg5 h6 14. Bh4
Qc7 15. Qf1 Bxh2+ 16. Kh1 Bd6 17. Qf3 Nd5 18. Bxd5 cxd5 19. Nc3 Rae8 20. Rf1
Nb6 21. Nb5 Qd7 22. Nxd6 Qxd6 23. Rxf7 Nd7 24. Rxf8+ Rxf8 25. Qe2 Rxf1+ 26.
Qxf1 Nf8 27. Qf3 Qe6 28. Bg3 g5 29. Be5 Ng6 30. Bb8 Nh4 31. Qf1 a6 32. Be5 Qf5
33. Qxf5 Nxf5 34. Kh2 Ne3 35. c3 Nc4 36. b3 Nd2 37. Kg3 Kf7 38. Kg4 Kg6 39. Bg3
h5+ 40. Kh3 Kf5 41. Be1 Ne4 42. g3 g4+ 43. Kg2 Ng5 44. c4 Nf3 45. Bc3 Ke4 46.
c5 Nxd4 47. Bxd4 Kxd4 48. b4 Kc4 49. Kf2 Kxb4 50. Ke3 Kxc5 51. Kf4 d4 52. Ke4
Kc4 53. Kf4 d3 54. Kg5 d2 0-1

[Event "ICC tourney 1897 (3 2)"]
[Site "Internet Chess Club"]
[Date "2020.07.03"]
[Round "9"]
[White "destroyingeagle"]
[Black "premierchess"]
[Result "0-1"]
[WhiteElo "1402"]
[BlackElo "1725"]
[PlyCount "142"]
[EventDate "2020.??.??"]

1. Nf3 Nf6 2. g3 d5 3. Bg2 c6 4. O-O Bg4 5. h3 Bxf3 6. Bxf3 e5 7. d3 Nbd7 8.
Nd2 Bc5 9. e4 O-O 10. c3 Re8 11. b4 Bb6 12. Bb2 Nf8 13. Bg2 Ne6 14. Qe2 a5 15.
a3 dxe4 16. dxe4 Bc7 17. Rfd1 Qe7 18. Nb3 a4 19. Nd2 b5 20. c4 Nd4 21. Bxd4
exd4 22. cxb5 cxb5 23. Qxb5 Be5 24. Qd3 Rac8 25. Nc4 Red8 26. f4 Bb8 27. Rac1
Ba7 28. Kh2 h5 29. Ne5 h4 30. Nc6 hxg3+ 31. Qxg3 Rxc6 32. Rxc6 Nxe4 33. Bxe4
Qxe4 34. Rcc1 Bb8 35. Rf1 d3 36. Rcd1 Rd4 37. Qf3 Bxf4+ 38. Kh1 Qxf3+ 39. Rxf3
d2 40. Kg2 g5 41. Kf2 f5 42. Ke2 Re4+ 43. Kd3 Re1 44. Rf1 Re3+ 45. Kxd2 Rxa3+
46. Kc2 Rxh3 47. Ra1 a3 48. Ra2 Kf7 49. b5 Ke6 50. b6 Kd6 51. Rb1 Kc6 52. b7
Rh2+ 53. Kb3 Kxb7 54. Kxa3+ Kc6 55. Rxh2 Bxh2 56. Rd1 g4 57. Kb3 f4 58. Kc3 g3
59. Rd2 f3 60. Kd3 g2 61. Rd1 f2 62. Ke2 g1=Q 63. Rf1 Bg3 64. Rd1 Qxd1+ 65.
Kxd1 f1=Q+ 66. Kd2 Qf3 67. Kc2 Qe3 68. Kb2 Qd3 69. Ka2 Qb5 70. Ka3 Be5 71. Ka2
Qb2# 0-1

[Event "ICC tourney 1897 (3 2)"]
[Site "Internet Chess Club"]
[Date "2020.07.03"]
[Round "1"]
[White "Sina101"]
[Black "destroyingeagle"]
[Result "1-0"]
[WhiteElo "1340"]
[BlackElo "1303"]
[PlyCount "93"]
[EventDate "2020.??.??"]

1. d4 d6 2. c4 g6 3. Nc3 Bg7 4. e4 Nc6 5. Be3 e5 6. d5 Nce7 7. Bd3 f5 8. exf5
Nxf5 9. Bd2 Nf6 10. Nge2 O-O 11. O-O Nd7 12. Ne4 b6 13. Rc1 Nc5 14. Bg5 Qe8 15.
Bc2 Nxe4 16. Bxe4 Bh6 17. h4 Kg7 18. g3 Ne7 19. Kg2 Bf5 20. Nc3 Bxe4+ 21. Nxe4
Rf5 22. Qd2 Bxg5 23. hxg5 Qg8 24. Rh1 Qf7 25. Nf6 Rh8 26. Rh4 Ng8 27. Ne4 Ne7
28. Rch1 Ng8 29. Qe2 Qf8 30. Qe3 Qf7 31. R1h2 Ne7 32. Nf6 Ng8 33. Rxh7+ Rxh7
34. Rxh7+ Kf8 35. Rxf7+ Kxf7 36. Nxg8 Kxg8 37. f3 Rf7 38. b4 Re7 39. Qe4 Kg7
40. f4 Re8 41. f5 gxf5 42. Qxf5 Rf8 43. Qd7+ Rf7 44. Qe6 Kg8 45. g6 e4 46.
Qxf7+ Kh8 47. Qh7# 1-0

[Event "ICC tourney 1897 (3 2)"]
[Site "Internet Chess Club"]
[Date "2020.07.03"]
[Round "15"]
[White "Goran21"]
[Black "searchforbobby1"]
[Result "1-0"]
[WhiteElo "1818"]
[BlackElo "1940"]
[PlyCount "159"]
[EventDate "2020.??.??"]

1. e4 c5 2. Nf3 Nc6 3. d3 e5 4. c3 g6 5. d4 Bg7 6. Bg5 f6 7. Be3 cxd4 8. cxd4
d6 9. Nc3 Nge7 10. Bc4 Na5 11. Bb5+ Bd7 12. Qa4 a6 13. Bxd7+ Kf8 14. Be6 b5 15.
Qd1 Nc4 16. Bxc4 bxc4 17. O-O Rb8 18. Qa4 Qc8 19. Nd5 Nxd5 20. exd5 f5 21. dxe5
dxe5 22. Ng5 Bf6 23. Ne6+ Kf7 24. Bg5 Rxb2 25. Bxf6 Kxf6 26. Rac1 c3 27. Qh4+
Kf7 28. Qh6 Ke7 29. Qg7+ Kd6 30. Rxc3 Qxc3 31. Qxh8 Kxd5 32. Ng5 Rc2 33. Rd1+
Kc5 34. Ne6+ Kb4 35. Qb8+ Ka3 36. Qd6+ Kxa2 37. Qxa6+ Kb2 38. Qa1+ Kb3 39. Rb1+
Kc4 40. Qa4+ Kd3 41. Qd7+ Ke4 42. Qb7+ Qc6 43. Re1+ Kd5 44. Qb3+ Kd6 45. Nd4
exd4 46. Re6+ Kd7 47. Rxc6 Rxc6 48. g3 Rd6 49. Qd3 Ke6 50. Kf1 Kf6 51. Ke2 h6
52. f4 g5 53. Kd2 g4 54. Qb5 Re6 55. Qb8 Re4 56. Kd3 Kg6 57. Qg8+ Kf6 58. Qh7
h5 59. Qxh5 Re6 60. Kxd4 Rd6+ 61. Kc5 Re6 62. Qh6+ Ke7 63. Qg7+ Ke8 64. Kd5 Re7
65. Qg6+ Kd8 66. Qxf5 Ke8 67. Kd6 Ra7 68. Qxg4 Kf8 69. Qf5+ Kg7 70. Qg5+ Kf7
71. Qh5+ Kg7 72. f5 Ra6+ 73. Ke5 Ra5+ 74. Kf4 Ra4+ 75. Kg5 Ra6 76. Qg6+ Kh8 77.
Qxa6 Kg7 78. Qb7+ Kh8 79. Kg6 Kg8 80. Qb8# 1-0

[Event "ICC tourney 1897 (3 2)"]
[Site "Internet Chess Club"]
[Date "2020.07.03"]
[Round "14"]
[White "searchforbobby1"]
[Black "Sina101"]
[Result "0-1"]
[WhiteElo "1963"]
[BlackElo "1480"]
[PlyCount "106"]
[EventDate "2020.??.??"]

1. e4 c5 2. d4 cxd4 3. c3 dxc3 4. Nxc3 Nc6 5. Bc4 e6 6. Nf3 Nf6 7. O-O Nxe4 8.
Nxe4 d5 9. Neg5 dxc4 10. Bd2 Be7 11. Qe2 Qd3 12. Qe1 O-O 13. Rc1 b5 14. Rc3 Qd5
15. Re3 Bb7 16. Ne4 Rad8 17. a3 Ne5 18. Nxe5 Qxe5 19. Bc3 Qf5 20. Ng3 Qd5 21.
Ne4 Bd6 22. Qe2 f5 23. Qh5 fxe4 24. Qg4 Be5 25. Rg3 Bxc3 26. bxc3 Rf7 27. h4 h5
28. Qg6 Qf5 29. Kh2 Qxg6 30. Rxg6 Rd2 31. Kg3 Rd3+ 32. Kh2 Rxc3 33. Rxe6 Rc2
34. Kg3 Kh7 35. f3 exf3 36. gxf3 Rc3 37. a4 bxa4 38. Re8 Rcxf3+ 39. Rxf3 Rxf3+
40. Kh2 Rb3 41. Re7 a3 42. Re2 Rb2 43. Kg3 Rxe2 44. Kf4 Rd2 45. Kg5 c3 46. Kf4
c2 47. Kf5 c1=Q 48. Kg5 Rg2+ 49. Kf5 Qc5+ 50. Ke6 Bc8+ 51. Kf7 Rf2+ 52. Ke8
Qc6+ 53. Ke7 Qd7# 0-1

[Event "ICC tourney 1897 (3 2)"]
[Site "Internet Chess Club"]
[Date "2020.07.03"]
[Round "13"]
[White "Visam"]
[Black "searchforbobby1"]
[Result "1-0"]
[WhiteElo "2634"]
[BlackElo "1994"]
[PlyCount "103"]
[EventDate "2020.??.??"]

1. d4 e6 2. c4 f5 3. d5 exd5 4. cxd5 Nf6 5. Nc3 Bc5 6. g3 d6 7. Bg2 a6 8. Nh3
O-O 9. O-O Qe8 10. Nf4 Ba7 11. Qc2 Kh8 12. b3 b5 13. Bb2 Ng4 14. a4 b4 15. Na2
Bc5 16. Nc1 a5 17. Ncd3 Bb6 18. Rac1 Na6 19. h3 Nf6 20. h4 Rb8 21. Bf3 Nc5 22.
Nxc5 Bxc5 23. h5 Ne4 24. h6 Rf7 25. Bh5 Nxg3 26. Bxg7+ Kg8 27. Bxf7+ Qxf7 28.
Kg2 Ne4 29. e3 Bb7 30. Rcd1 Re8 31. Rg1 Ng5 32. Kf1 Qe7 33. Ne6 Ba6+ 34. Rd3
Nxe6 35. Bf6+ Kf7 36. Bxe7 Rxe7 37. dxe6+ Rxe6 38. Ke1 Rg6 39. Rxg6 Kxg6 40.
Rd5 Bc8 41. Rxc5 dxc5 42. Qxc5 Kxh6 43. Qxa5 Kg5 44. Qxc7 Be6 45. Qe7+ Kg4 46.
Qxe6 h5 47. Qg6+ Kf3 48. Qxf5+ Kg2 49. Qxh5 Kg1 50. Qg4+ Kh2 51. Kf1 Kh1 52.
Qh5# 1-0

[Event "ICC tourney 1897 (3 2)"]
[Site "Internet Chess Club"]
[Date "2020.07.03"]
[Round "12"]
[White "searchforbobby1"]
[Black "londonkid"]
[Result "1-0"]
[WhiteElo "1995"]
[BlackElo "1847"]
[PlyCount "51"]
[EventDate "2020.??.??"]

1. e4 e6 2. d4 d5 3. Nc3 Nf6 4. Bg5 dxe4 5. Nxe4 Nbd7 6. Nf3 Be7 7. Nxf6+ Nxf6
8. Bd3 b6 9. Qe2 Bb7 10. O-O-O O-O 11. Kb1 Nd5 12. Bd2 c5 13. dxc5 Qc7 14. Ng5
Bxg5 15. Bxg5 Qxc5 16. Bd2 a5 17. Rhe1 a4 18. a3 b5 19. Bxb5 Rab8 20. c4 Nf6
21. Bb4 Qf5+ 22. Ka1 Rfc8 23. f3 h6 24. Qd3 Qxd3 25. Rxd3 Ba6 26. Bxa6 1-0

[Event "ICC tourney 1897 (3 2)"]
[Site "Internet Chess Club"]
[Date "2020.07.03"]
[Round "11"]
[White "PushU2Blunders"]
[Black "searchforbobby1"]
[Result "1-0"]
[WhiteElo "1950"]
[BlackElo "1985"]
[PlyCount "93"]
[EventDate "2020.??.??"]

1. e4 c5 2. Nf3 Nc6 3. d4 cxd4 4. Nxd4 Nf6 5. Nc3 e5 6. Ndb5 d6 7. Bg5 a6 8.
Na3 Be6 9. Bxf6 Qxf6 10. Nc4 Qd8 11. Nd5 b5 12. Nce3 Be7 13. a4 b4 14. Bc4 Bg5
15. Qd3 O-O 16. O-O a5 17. Rad1 Qb8 18. Nf5 Bxf5 19. exf5 f6 20. Nxb4+ Kh8 21.
Nxc6 Qxb2 22. Qb3 Qxb3 23. cxb3 g6 24. Rxd6 gxf5 25. Rfd1 Kg7 26. Rd7+ Kh6 27.
Be6 f4 28. Bf5 Rh8 29. R1d6 Rac8 30. g3 fxg3 31. fxg3 Be3+ 32. Kg2 Kg5 33. Kf3
Kxf5 34. Ne7+ Kg5 35. h4+ Kh5 36. Nxc8 Rxc8 37. Kxe3 Rc3+ 38. Rd3 Rc6 39. Rg7
f5 40. Rg5+ Kh6 41. Rxf5 Rg6 42. Ke4 Rb6 43. Kxe5 Kg7 44. Rd7+ Kg8 45. Rf6 h5
46. Rxb6 Kf8 47. Rb8# 1-0

[Event "ICC tourney 1897 (3 2)"]
[Site "Internet Chess Club"]
[Date "2020.07.03"]
[Round "9"]
[White "searchforbobby1"]
[Black "Venom2020"]
[Result "1-0"]
[WhiteElo "1995"]
[BlackElo "1722"]
[PlyCount "107"]
[EventDate "2020.??.??"]

1. e4 c5 2. d4 cxd4 3. c3 Nf6 4. e5 Nd5 5. Nf3 Nc6 6. cxd4 d6 7. Bc4 Nb6 8. Bb3
dxe5 9. d5 Na5 10. Nc3 Nxb3 11. Qxb3 e6 12. O-O Be7 13. Rd1 exd5 14. Nxd5 Nxd5
15. Rxd5 Qc7 16. Rxe5 O-O 17. Be3 Be6 18. Qa4 Bf6 19. Rc5 Qe7 20. Rc2 b6 21.
Rac1 Rac8 22. h3 h6 23. Nd4 Rxc2 24. Qxc2 Rd8 25. Nxe6 Qxe6 26. b3 Rd7 27. Qc8+
Kh7 28. Qc2+ g6 29. Rd1 Kg7 30. Rxd7 Qxd7 31. Qe4 Qd1+ 32. Kh2 Qd6+ 33. g3 Qe7
34. Qf3 Qd8 35. h4 h5 36. Qf4 Qe7 37. a4 Qd7 38. Qh6+ Kg8 39. Qf4 Kg7 40. Qe4
Qd6 41. Bf4 Qc5 42. Kg2 a5 43. Qe3 Qc6+ 44. Kh2 Qe6 45. Qxe6 fxe6 46. Be3 Bd8
47. Kg2 Kf7 48. Kf3 Ke8 49. Ke4 Kd7 50. Ke5 Bc7+ 51. Kf6 Kc6 52. Kxg6 Kd5 53.
Kxh5 Ke4 54. Kg4 1-0

[Event "ICC tourney 1897 (3 2)"]
[Site "Internet Chess Club"]
[Date "2020.07.03"]
[Round "7"]
[White "searchforbobby1"]
[Black "destroyingeagle"]
[Result "1-0"]
[WhiteElo "1988"]
[BlackElo "1351"]
[PlyCount "71"]
[EventDate "2020.??.??"]

1. e4 d6 2. d4 g6 3. c3 Bg7 4. f4 Nf6 5. Bd3 O-O 6. Nf3 c5 7. d5 a6 8. a4 b6 9.
O-O Nbd7 10. c4 Ne8 11. Nc3 Nc7 12. Kh1 Rb8 13. Qe2 f6 14. Bd2 Re8 15. Qf2 Nf8
16. Rae1 Bd7 17. e5 Bc8 18. e6 f5 19. Qh4 h6 20. Qg3 Bb7 21. Nh4 Kh7 22. Nxg6
Bxc3 23. Nxf8+ Rxf8 24. Bxc3 Ne8 25. Qh3 Ng7 26. g4 b5 27. axb5 axb5 28. b3
bxc4 29. bxc4 Ba6 30. gxf5 Rf6 31. Bxf6 exf6 32. Rg1 Rb3 33. Qg4 Qf8 34. Qg6+
Kg8 35. e7 Qf7 36. e8=Q+ 1-0

[Event "ICC tourney 1897 (3 2)"]
[Site "Internet Chess Club"]
[Date "2020.07.03"]
[Round "5"]
[White "searchforbobby1"]
[Black "GeneraLisimus"]
[Result "0-1"]
[WhiteElo "1987"]
[BlackElo "2871"]
[PlyCount "64"]
[EventDate "2020.??.??"]

1. e4 c5 2. d4 cxd4 3. c3 d3 4. Bxd3 Nc6 5. c4 d6 6. Nc3 g6 7. h3 Bg7 8. Nf3
Nf6 9. O-O O-O 10. Bg5 Be6 11. Rc1 Nd7 12. b3 a5 13. Nd5 Nc5 14. Bb1 Re8 15.
Re1 a4 16. b4 Bxd5 17. bxc5 Be6 18. cxd6 Qxd6 19. Qxd6 exd6 20. Red1 Bb2 21.
Rc2 a3 22. Rxd6 Nb4 23. Rcd2 Bxc4 24. Rd8 Rexd8 25. Rxd8+ Rxd8 26. Bxd8 Bxa2
27. Bxa2 Nxa2 28. Nd2 Nc1 29. Nc4 a2 30. Nxb2 a1=Q 31. Nc4 Ne2+ 32. Kh2 Qg1#
0-1

[Event "ICC tourney 1897 (3 2)"]
[Site "Internet Chess Club"]
[Date "2020.07.03"]
[Round "4"]
[White "helavir"]
[Black "searchforbobby1"]
[Result "1-0"]
[WhiteElo "2032"]
[BlackElo "1987"]
[PlyCount "61"]
[EventDate "2020.??.??"]

1. e4 c5 2. Nf3 Nc6 3. Bb5 a6 4. Bxc6 dxc6 5. a4 a5 6. Na3 Bg4 7. Nc4 Qc7 8. d3
f6 9. e5 fxe5 10. Ncxe5 Bh5 11. g4 Bg6 12. Bf4 Qc8 13. Qd2 Nf6 14. O-O-O Nxg4
15. Rhe1 Nxe5 16. Nxe5 Bf5 17. Nc4 Qd8 18. Nd6+ Kd7 19. Nxf5 g6 20. Qc3 Rg8 21.
Qc4 gxf5 22. Qxg8 Qe8 23. Qe6+ Kd8 24. Re5 Qd7 25. Qg8 Qe8 26. Rde1 b6 27. Bg5
Ra7 28. Rxf5 Bh6 29. Qxe8+ Kxe8 30. Bxh6 Rd7 31. Rf8# 1-0

[Event "ICC tourney 1897 (3 2)"]
[Site "Internet Chess Club"]
[Date "2020.07.03"]
[Round "3"]
[White "searchforbobby1"]
[Black "dopolian"]
[Result "0-1"]
[WhiteElo "1991"]
[BlackElo "1877"]
[PlyCount "150"]
[EventDate "2020.??.??"]

1. e4 e5 2. d4 exd4 3. Qxd4 Nc6 4. Qe3 Nf6 5. Nc3 Bb4 6. Bd2 O-O 7. O-O-O Re8
8. Qg3 d6 9. f3 Be6 10. a3 Bc5 11. h4 Kh8 12. h5 h6 13. Nge2 a6 14. Nf4 b5 15.
Nxe6 Rxe6 16. Nd5 Bd4 17. Bd3 Ne7 18. Nf4 Re5 19. c3 Bb6 20. Bc2 c5 21. Nd3 Re6
22. e5 dxe5 23. Nxe5 Qe8 24. Rhe1 Rc8 25. f4 Bc7 26. Qh3 Rd8 27. g4 Bxe5 28.
fxe5 Nh7 29. Qf3 Nd5 30. Qe4 Nhf6 31. Qf5 Ne7 32. Qf3 Nh7 33. Bf5 Nxf5 34. gxf5
Rxe5 35. Rxe5 Qxe5 36. Re1 Qd6 37. Qe2 Nf6 38. Rd1 Re8 39. Qf3 Qe5 40. c4 bxc4
41. Re1 Qb8 42. Rxe8+ Qxe8 43. Bc3 Ne4 44. Qe3 f6 45. Kc2 Nd6 46. Qxc5 Qe4+ 47.
Kc1 Nxf5 48. Qg1 Qe3+ 49. Qxe3 Nxe3 50. Kd2 Nd5 51. Bd4 Kg8 52. Kc2 Kf7 53. Kd2
Ke6 54. Ke2 Kf5 55. Kf3 Kg5 56. Bc5 Kxh5 57. Bf8 g5 58. Bd6 f5 59. Be5 g4+ 60.
Kg3 Kg5 61. Bd6 f4+ 62. Kf2 g3+ 63. Kf3 h5 64. Bc5 h4 65. Bg1 h3 66. Bc5 h2 67.
Kg2 f3+ 68. Kxf3 h1=Q+ 69. Kxg3 Qh4+ 70. Kf3 Qg4+ 71. Kf2 Kf4 72. Bd4 Qf3+ 73.
Ke1 Ne3 74. Bc3 Qd1+ 75. Kf2 Qf1# 0-1

[Event "ICC tourney 1897 (3 2)"]
[Site "Internet Chess Club"]
[Date "2020.07.03"]
[Round "10"]
[White "rishibabu"]
[Black "Xuanli28"]
[Result "0-1"]
[WhiteElo "1547"]
[BlackElo "1658"]
[PlyCount "72"]
[EventDate "2020.??.??"]

1. e4 c5 2. Nf3 d6 3. d4 cxd4 4. Nxd4 Nf6 5. Nc3 g6 6. Be3 Bg7 7. f3 a6 8. Qd2
h5 9. Bc4 b5 10. Bb3 Bb7 11. O-O-O Nbd7 12. Kb1 Rc8 13. Nd5 Ne5 14. h3 Nc4 15.
Bxc4 bxc4 16. Nc3 Qc7 17. Bg5 Nd7 18. f4 Nc5 19. Rhe1 a5 20. e5 dxe5 21. fxe5
a4 22. Ndb5 Qb6 23. Nd6+ exd6 24. exd6+ Kf8 25. Be7+ Kg8 26. d7 Nxd7 27. Qxd7
Bxc3 28. b3 cxb3 29. Ba3 bxa2+ 30. Kxa2 Bxe1 31. Rxe1 Rxc2+ 32. Ka1 Qf6+ 33.
Kb1 Rc6 34. Re8+ Kh7 35. Rxh8+ Kxh8 36. Qxb7 Rb6+ 0-1

[Event "ICC tourney 1897 (3 2)"]
[Site "Internet Chess Club"]
[Date "2020.07.03"]
[Round "8"]
[White "Kokoro"]
[Black "Xuanli28"]
[Result "1-0"]
[WhiteElo "1819"]
[BlackElo "1643"]
[PlyCount "186"]
[EventDate "2020.??.??"]

1. e4 c5 2. Nf3 d6 3. Bb5+ Nd7 4. d4 cxd4 5. Qxd4 a6 6. Bxd7+ Bxd7 7. c4 Nf6 8.
Nc3 g6 9. Bg5 Bg7 10. Qd2 Rc8 11. Qd3 Qc7 12. b3 b5 13. Bxf6 Bxf6 14. Nd5 Qa5+
15. Nd2 Bxa1 16. Ke2 Bg7 17. h4 Be6 18. Nf4 Bd7 19. h5 bxc4 20. bxc4 Qg5 21. g3
Bg4+ 22. f3 Bd7 23. Kf2 Qc5+ 24. Kg2 Qd4 25. Qe2 Be6 26. Rc1 Bd7 27. Nb3 Qb6
28. Nd5 Qa7 29. Qd2 e6 30. h6 Be5 31. Ne3 Ke7 32. Ng4 f5 33. Nxe5 dxe5 34. Rd1
Rhd8 35. Qd6+ Kf7 36. Qxe5 Rg8 37. Rd6 Ke7 38. Nd4 Qc7 39. Nc6+ Qxc6 40. Rxc6
Rxc6 41. c5 a5 42. a3 Rf8 43. Kh3 Rf7 44. Kh4 Bc8 45. Kg5 Kd8 46. g4 fxg4 47.
fxg4 Bb7 48. Qb8+ Rc8 49. Qd6+ Rd7 50. Qxe6 Rxc5+ 51. e5 Rdd5 52. Qg8+ Kc7 53.
Qxh7+ Kb8 54. Kf4 Rc4+ 55. Kg5 Rxe5+ 56. Kf6 Rd5 57. Qg8+ Ka7 58. Qf7 Rc6+ 59.
Kg7 Kb6 60. h7 Rc7 61. Qxc7+ Kxc7 62. h8=Q Rd7+ 63. Kxg6 Rd6+ 64. Kg5 Rd5+ 65.
Kf4 Rd6 66. Qe5 Bd5 67. g5 Kc6 68. Qc3+ Kb6 69. Qe3+ Kc6 70. Qc3+ Kb6 71. Kf5
Bf7 72. Qb2+ Kc6 73. Qg2+ Kb6 74. Qf2+ Kc6 75. Qc2+ Kb6 76. Qc3 Bg6+ 77. Ke5
Rc6 78. Qd4+ Kb7 79. Qd7+ Kb6 80. Qd8+ Kb5 81. Kd4 Rc4+ 82. Ke5 Rc5+ 83. Kf6
Rc6+ 84. Kg7 Rb6 85. Qd5+ Ka6 86. a4 Ka7 87. Qxa5+ Kb7 88. Qd5+ Ka7 89. a5 Ra6
90. Qc5+ Kb7 91. Qb5+ Ka7 92. Qxa6+ Kxa6 93. Kxg6 Kxa5 1-0

[Event "ICC tourney 1897 (3 2)"]
[Site "Internet Chess Club"]
[Date "2020.07.03"]
[Round "7"]
[White "Xuanli28"]
[Black "PushU2Blunders"]
[Result "0-1"]
[WhiteElo "1647"]
[BlackElo "1804"]
[PlyCount "132"]
[EventDate "2020.??.??"]

1. e4 c5 2. Nf3 d6 3. Bb5+ Nd7 4. d4 cxd4 5. Qxd4 Ngf6 6. O-O e6 7. c4 Be7 8.
Nc3 O-O 9. Be3 a6 10. Bxd7 Bxd7 11. Rfd1 Rc8 12. Rac1 Bc6 13. Nd2 Ng4 14. b4
Bf6 15. Qd3 Nxe3 16. Qxe3 b5 17. c5 dxc5 18. Nb3 Qe7 19. Nxc5 Rfd8 20. e5 Bg5
21. f4 Bh6 22. a3 Qh4 23. g3 Qh3 24. Qf2 Qf5 25. Qe2 g5 26. N3e4 gxf4 27. Nd6
Rxd6 28. exd6 f3 29. Qc2 Be3+ 30. Kf1 Qh3+ 31. Ke1 f2+ 32. Ke2 Bxc1 33. Qxc1
Qh5+ 34. Kxf2 Qxh2+ 35. Ke1 Qxg3+ 36. Kd2 Qxd6+ 37. Kc2 Be4+ 38. Kb3 Qg3+ 39.
Kb2 Qe5+ 40. Kb3 Bd5+ 41. Kc2 Qe2+ 42. Rd2 Qc4+ 43. Kb1 Qxc1+ 44. Kxc1 a5 45.
Kb2 axb4 46. axb4 f5 47. Kc3 Kf7 48. Kd4 Bc4 49. Ke5 Bd5 50. Rh2 Rh8 51. Rh6
Kg7 52. Rf6 Rf8 53. Nxe6+ Bxe6 54. Rxe6 f4 55. Re7+ Kg6 56. Kd4 f3 57. Re1 Kg5
58. Kc5 Kg4 59. Kxb5 Kg3 60. Ka6 f2 61. Rb1 f1=Q+ 62. Rxf1 Rxf1 63. b5 Rb1 64.
b6 h5 65. b7 Rxb7 66. Kxb7 h4 0-1

[Event "ICC tourney 1897 (3 2)"]
[Site "Internet Chess Club"]
[Date "2020.07.03"]
[Round "5"]
[White "Sina101"]
[Black "Xuanli28"]
[Result "1-0"]
[WhiteElo "1365"]
[BlackElo "1652"]
[PlyCount "73"]
[EventDate "2020.??.??"]

1. d4 Nf6 2. c4 g6 3. f3 Bg7 4. e4 d6 5. Nc3 O-O 6. Be3 b6 7. Bd3 c5 8. Nge2
Nc6 9. d5 Ne5 10. O-O e6 11. Rc1 exd5 12. cxd5 a6 13. a4 Rb8 14. b3 Ne8 15. Bb1
b5 16. axb5 axb5 17. h3 Ba6 18. f4 Nd7 19. Qd2 Nc7 20. Rfd1 b4 21. Na4 Nb5 22.
e5 c4 23. bxc4 Nc3 24. Nexc3 bxc3 25. Nxc3 dxe5 26. c5 exf4 27. Bxf4 Rb3 28.
Ne4 Re8 29. c6 Nb6 30. c7 Qa8 31. Nc5 Re2 32. Nxb3 Rxd2 33. Rxd2 Nxd5 34. Be4
Qa7+ 35. Kh1 Nc3 36. Rd8+ Bf8 37. Bh6 1-0

[Event "ICC tourney 1897 (3 2)"]
[Site "Internet Chess Club"]
[Date "2020.07.03"]
[Round "4"]
[White "Xuanli28"]
[Black "justinchess"]
[Result "0-1"]
[WhiteElo "1692"]
[BlackElo "2155"]
[PlyCount "66"]
[EventDate "2020.??.??"]

1. e4 c6 2. d4 d5 3. Nd2 dxe4 4. Nxe4 Bf5 5. Ng3 Bg6 6. h4 h6 7. Nf3 Nd7 8. h5
Bh7 9. Bd3 Bxd3 10. Qxd3 e6 11. a3 Ngf6 12. Be3 Be7 13. O-O-O O-O 14. Kb1 Qc7
15. c4 b5 16. c5 Rfd8 17. Ne4 Nxe4 18. Qxe4 Nf6 19. Qf4 Qxf4 20. Bxf4 Nd5 21.
Bd2 f6 22. Rhe1 Kf7 23. b4 Re8 24. Kb2 Bd8 25. g3 a5 26. Bc3 axb4 27. Bxb4 Bc7
28. Nh4 Ra4 29. Kb3 Rea8 30. Rd2 Ba5 31. Bxa5 R8xa5 32. Ra2 Rxd4 33. Nf3 Rd3+
0-1